|
|
|
|
| LEADER |
00000cam a2200000 i 4500 |
| 001 |
1/689 |
| 008 |
000411s1996 enk| ||| |||| ||eng|| |
| 020 |
|
|
|a 0304333832
|
| 035 |
|
|
|l 10059749
|
| 040 |
|
|
|a GR-MyUa
|b gre
|e AACR2
|
| 041 |
0 |
|
|a eng
|
| 082 |
7 |
|
|a 323.19159
|2 (22)
|
| 100 |
1 |
|
|a Rugman, Jonathan.
|
| 245 |
1 |
0 |
|a Ataturk's children :
|b Turkey and the Kurds /
|c Jonathan Rugman and Roger Hutchings ; foreword by John Simpson.
|
| 260 |
|
|
|a London :
|b Cassell,
|c 1996.
|
| 300 |
|
|
|a 128 σ. :
|b εικ. ;
|c 27 εκ.
|
| 504 |
|
|
|a Περιλαμβάνει βιβλιογραφικές παραπομπές.
|
| 610 |
2 |
0 |
|a Partiya Karkeren Kurdistane.
|
| 650 |
0 |
0 |
|a Kurds
|x Civil rights
|z Turkey.
|
| 651 |
|
0 |
|a Turkey
|x Ethnic relations.
|
| 651 |
|
0 |
|a Turkey
|x Politics and government
|y 1980-
|
| 700 |
1 |
|
|a Hutchings, Roger.
|
| 852 |
|
|
|a INST
|b LESVOS
|e 20000411
|h 323.19159 RUG
|p 005100020399
|q 005100020399
|t BK
|y 0
|
| 901 |
|
|
|a BIBL1-2000-1
|
| 970 |
|
|
|a ΚΑΜΑΤΣΟΥ
|b ΔΕΣΠΟΙΝΑ
|z 2000/04/11
|